Diář zvěrokruhu : plány, inspirace, sny /

Hlavní autor: Davidová, Monika
Další autoři: Davidová, Kristýna
Jazyk: Čeština
Vydáno: Praha : Grada Publishing, 2018
Vydání: První vydání
Témata:
Fyzický popis: 112 nečíslovaných stran : barevné ilustrace ; 22 cm
Knihy
Uloženo v:
LEADER 01615nam a2200457 i 4500
001 001656963
003 CZ PrNK
005 20240129082002.0
007 ta
008 180824s2018 xr a e f 000 0 cze
015 |z cnb003022096 
020 |z 978-80-247-2851-3  |q (vázáno) 
040 |a BOA001  |b cze  |e rda 
072 7 |a 159.92  |x Vývojová psychologie. Individuální psychologie  |2 Konspekt  |9 17 
080 |a 159.923.5:005.962.11  |2 MRF 
080 |a 159.923.5  |2 MRF 
080 |a 005.214  |2 MRF 
080 |a 005.962.11  |2 MRF 
080 |a 133.522.2  |2 MRF 
080 |a (059.3)  |2 MRF 
100 1 |a Davidová, Monika  |7 ola2015860245  |4 ill 
245 1 0 |a Diář zvěrokruhu :  |b plány, inspirace, sny /  |c Monika a Kristýna Davidovy 
250 |a První vydání 
264 1 |a Praha :  |b Grada Publishing,  |c 2018 
300 |a 112 nečíslovaných stran :  |b barevné ilustrace ;  |c 22 cm 
336 |a text  |b txt  |2 rdacontent 
337 |a bez média  |b n  |2 rdamedia 
338 |a svazek  |b nc  |2 rdacarrier 
500 |a Ilustrace Monika Davidová ; texty Kristýna Davidová 
650 0 7 |a prokrastinace  |7 ph784464  |2 czenas 
650 0 7 |a sebeřízení  |7 ph303239  |2 czenas 
650 0 7 |a management cílů  |7 ph659005  |2 czenas 
650 0 7 |a management času  |7 ph122602  |2 czenas 
650 0 7 |a zvěrokruh  |7 ph116791  |2 czenas 
655 7 |a diáře  |7 fd132055  |2 czenas 
655 7 |a zápisníky  |7 fd133889  |2 czenas 
700 1 |a Davidová, Kristýna  |4 aut 
910 |a BOA001  |b 2-1417.290 
990 |a BK 
991 |b 201811  |c NOV 
996 6 |b 2610761929  |c 2-1417.290  |l MZK  |r Sklad / do 1 hodiny  |n 0  |p p.v.  |w 001696514  |u 000010  |a 1  |e BOA001  |j MZK50  |s P